| 000 | 00332nam a2200121Ia 4500 | ||
|---|---|---|---|
| 008 | 150202s9999 xx 000 0 und d | ||
| 050 |
_aFIC _bFIC |
||
| 100 | _aRome, Margaret. | ||
| 245 |
_aMiss high and mighty / _cMargaret Rome. |
||
| 260 |
_aUSA : _bHarlequin Books, _c1980. |
||
| 300 |
_a186 pages : _c18 cm. |
||
| 650 | _aFiction. | ||
| 999 |
_c282374 _d282374 |
||